| 000 | 00802cam a22002412 4500 | ||
|---|---|---|---|
| 001 | 0000001444 | ||
| 005 | 20151217151817.0 | ||
| 008 | 070312s xx 000 0 eng d | ||
| 020 |
_a06971420486 : _cKES 500 (donation) |
||
| 040 |
_aKABU _cKABU |
||
| 050 | 0 |
_aGV443 _b.G35 1993 |
|
| 100 | 1 |
_aGallahue, David L. _@0000028048 |
|
| 245 | 1 | 0 |
_aDevelopmental physical education for today's children / _cDavid L. Gallahue. |
| 250 | _a2nd ed. | ||
| 260 |
_aMadison, Wisconsin : _bWm. C. Brown Communications, _cc1993. |
||
| 300 |
_axxiv, 616 p. ; _c24 cm. |
||
| 650 | 0 |
_aPhysical education for children. _@0000150208 |
|
| 650 | 0 |
_aMovement education. _@0000028625 |
|
| 650 | 0 |
_aMotor learning. _@0000150209 |
|
| 908 | _a070312 | ||
| 950 | _@1 | ||
| 999 |
_c5265 _d5265 |
||